Statistiche per Riconosci la Squadra di calcio - Quiz n°181

Clicka qui per fare il quiz!

Statistiche generali

  • Questo quiz è stato fatto 3 volte
  • Il punteggio medio è 6 su 10

Statistiche sulle risposte

IndizioRisposta% Corretto
Colori socialiGranata
100%
Divisione nazionale 2023-2024Prima
100%
Titoli nazionali4 Titoli di Scozia
67%
Trofei nazionali8 Coppe di Scozia
4 Coppe di Lega Scozzesi
67%
SimboliCuore
67%
Trofei internazionali0
33%
Capienza Stadio17 420 posti
33%
Fondazione1874
33%
SquadraHearts
33%
ConfederazioneUEFA
33%

Distribuzione punteggi

Percentile per numero di risposta

Percentuale di utenti per punteggio

I tuoi punteggi nel tempo

Non hai fatto questo quiz